Twenty One Pilots - Cottonwood (Lyrics) - Statistics

General Stats
  • This quiz has been taken 8 times
  • The average score is 154 of 175
Answer Stats
Answer % Correct
a
100%
already
100%
back
100%
been
100%
catching
100%
don‘t
100%
don’t
100%
down
100%
I
100%
in
100%
I‘ve
100%
look
100%
looking
100%
me
100%
my
100%
no
100%
someone
100%
telescope
100%
the
100%
time
100%
we
100%
you
100%
believe
83%
Can‘t
83%
for
83%
gone
83%
good
83%
heard
83%
know
83%
last
83%
more
83%
reflection
83%
sound
83%
than
83%
that
83%
through
83%
tore
83%
up
83%
were
83%
you‘re
83%
but
67%
chopped
67%
condemn
67%
fall
67%
remember
67%
she
67%
spoke
67%
thought
67%
waiting
67%
wind
67%
anymore
50%
are
50%
blown
50%
brave
50%
just
50%
most
50%
or
50%
sad
50%
was
50%
weren’t
50%
woods
50%
you‘d
50%
and
33%
forth
33%
storm
33%
tame
33%
No matching quizzes found
Score Distribution
Percent of People with Each Score
Percentile by Number Answered
Your Score History
You have not taken this quiz